Sobre un concepto histórico de ciencia : de la epistemología actual a la dialéctica

Crítica de la razón científica como un modo de cuestionar el mundo en sus fundamentos, en la lógica que lo anima en las bases de las formas del saber con que ha revestido su poder.

Bibliographic Details
Main Author: Pérez S., Carlos
Format: Libro
Language:Spanish
Published: Santiago, Chile : LOM, 2008.
Edition:2a. ed.
Series:Ciencias Humanas
Subjects:
Online Access:

MARC

LEADER 00000cam a2200000 a 4500
001 017492
003 UAHC_CL
005 20211013121617.0
008 081010s2008 cl 000 spa
020 |a 9789562829915 
040 |a UAHC_CL  |c UAHC_CL  |d UAHC_CL 
082 0 4 |a 501  |b P438  |2 21 
100 1 |a Pérez S., Carlos 
245 1 0 |a Sobre un concepto histórico de ciencia :  |b  de la epistemología actual a la dialéctica  |c Carlos Pérez Soto. 
250 |a 2a. ed. 
260 |a Santiago, Chile :  |b LOM,  |c 2008. 
300 |a 251 p. 
490 0 |a Ciencias Humanas 
520 |a Crítica de la razón científica como un modo de cuestionar el mundo en sus fundamentos, en la lógica que lo anima en las bases de las formas del saber con que ha revestido su poder. 
521 |a Seminario de Grado I 
650 0 |a Filosofía de la ciencia  |9 159 
650 0 |a Teoría del conocimiento  |9 441 
942 |c BK  |2 ddc 
952 |0 0  |1 0  |4 0  |6 501_000000000000000_PER  |7 0  |8 COMP  |9 34974  |a BR  |b BR  |c General  |d 2017-08-03  |l 6  |m 3  |o 501 PER  |p 1365879  |r 2026-01-14 00:00:00  |s 2019-06-28  |t 1  |w 2017-08-03  |x Texto con sus paginas manchadas 28/06/2019 ocf.  |y BK 
952 |0 0  |1 0  |4 0  |6 501_000000000000000_PER  |7 0  |8 COMP  |9 34975  |a BC  |b BC  |c General  |d 2017-08-03  |l 3  |m 3  |o 501 PER  |p 1367618  |r 2026-01-13 00:00:00  |s 2019-06-21  |t 2  |w 2017-08-03  |x Presenta humedad en todo el texto.  |y BK 
952 |0 0  |1 0  |4 0  |6 501_000000000000000_PER  |7 0  |8 COMP  |9 34976  |a BC  |b BC  |c General  |d 2017-08-03  |o 501 PER  |p 1371260  |r 2026-01-13 00:00:00  |t 3  |w 2017-08-03  |y BK 
952 |0 0  |1 0  |4 0  |6 501_000000000000000_PER  |7 0  |8 COMP  |9 34977  |a BC  |b BC  |c General  |d 2017-08-03  |l 0  |o 501 PER  |p 1371261  |r 2026-01-13 00:00:00  |t 4  |w 2017-08-03  |y BK 
952 |0 0  |1 0  |2 ddc  |4 0  |6 501_000000000000000_PER  |7 0  |8 COMP  |9 99619  |a BC  |b BC  |c General  |d 2024-06-19  |e Donación  |g 10000.00  |l 0  |o 501 PER  |p 1444436  |r 2026-01-13 00:00:00  |t 5  |w 2024-06-19  |y BK 
999 |c 17492  |d 17492